| 000 | 00647nam a2200217 u 4500 | ||
|---|---|---|---|
| 005 | 20240831063735.0 | ||
| 008 | 100521s2006 r 000 0 eng d | ||
| 020 | _a8466752064 | ||
| 035 | _aUPN01000176036 | ||
| 049 | _aI | ||
| 050 | 4 |
_aPZ78 _bL3.3 |
|
| 100 | 1 | _aLapeña Morón, Carlos | |
| 245 | 1 | 0 |
_aCuentos en familia / _cCarlos Lapeña Morón ; il. David Pintor. |
| 260 |
_aMadrid : _bAnaya, _c2006. |
||
| 300 |
_a73 p. : _bil. col. |
||
| 440 | 3 |
_aEl duende verde ; _v145. _pA partir de 8 años |
|
| 650 | 4 |
_aCuentos infantiles españoles _97725 |
|
| 650 | 4 |
_aLibros y lectura para niños _92290 |
|
| 905 | _aLibro | ||
| 999 |
_c148139 _d148139 |
||